Visualizzazione normale
Vista MARC
- Nivers Guillaume
di Personal Name
Records bibliografici associati: 1
001 - CONTROL NUMBER
- control field: 9690
003 - CONTROL NUMBER IDENTIFIER
- control field: IT-RoPau
005 - DATE AND TIME OF LATEST TRANSACTION
- control field: 20140119210540.0
008 - FIXED-LENGTH DATA ELEMENTS
- fixed length control field: 140119|| aca||aabn | a|a d
040 ## - CATALOGING SOURCE
- Original cataloging agency: IT-RoPau
- Transcribing agency: IT-RoPau
100 ## - HEADING--PERSONAL NAME
- Personal name: Nivers Guillaume
670 ## - SOURCE DATA FOUND
- Source citation: Work cat.: (IT-RoPau)99073: Nivers Guillaume, Maestri d'organo del seicento francese